Chelsea players kit number 21/22 - Statistics

General Stats
  • This quiz has been taken 184 times
    176 since last reset
  • The average score is 23 of 24
Answer Stats
Player Number % Correct
Kepa Arrizabalaga 1
100%
Antonio Rudiger 2
99%
Kai Havertz 29
99%
Marcos Alonso 3
99%
Andreas Christensen 4
99%
Jorginho 5
99%
Mateo Kovacic 8
99%
Romelu Lukaku 9
99%
Christian Pulisic 10
98%
Ben Chiwell 21
98%
Hakim Ziyech 22
98%
Cesar Azpilicueta 28
98%
Thiago Silva 6
98%
N'golo Kante 7
98%
Timo Werner 11
97%
Edouard Mendy 16
97%
Mason Mount 19
97%
Reece James 24
97%
Trevoh Chalobah 14
96%
Marcus Bettinelli 13
95%
Kurt Zouma 15
95%
Callum Hudson-Odoi 20
95%
Emerson Palmieri 33
95%
Tino Anjorin 27
87%
No matching quizzes found
Score Distribution
Percent of People with Each Score
Percentile by Number Answered
Your Score History
You have not taken this quiz since the last reset